Vistas in Floriculture / (Record no. 49930)
[ view plain ]
| 000 -LEADER | |
|---|---|
| fixed length control field | 00529nam a22001817a 4500 |
| 003 - CONTROL NUMBER IDENTIFIER | |
| control field | OSt |
| 008 - FIXED-LENGTH DATA ELEMENTS--GENERAL INFORMATION | |
| fixed length control field | 260130b |||||||| |||| 00| 0 eng d |
| 020 ## - INTERNATIONAL STANDARD BOOK NUMBER | |
| International Standard Book Number | 9788171324750 |
| 082 ## - DEWEY DECIMAL CLASSIFICATION NUMBER | |
| Classification number | 635.91 |
| Item number | B57V |
| 100 ## - MAIN ENTRY--PERSONAL NAME | |
| Personal name | Bhattacharjee, S. K. |
| 245 ## - TITLE STATEMENT | |
| Title | Vistas in Floriculture / |
| Statement of responsibility, etc. | by Supriya Kumar Bhattacharjee |
| 260 ## - PUBLICATION, DISTRIBUTION, ETC. (IMPRINT) | |
| Place of publication, distribution, etc | .- Jaipur |
| Name of publisher, distributor, etc | : Pointer Publishers |
| Date of publication, distribution, etc | , 2025 |
| 300 ## - PHYSICAL DESCRIPTION | |
| Extent | xxiv,355p. |
| 650 ## - SUBJECT ADDED ENTRY--TOPICAL TERM | |
| Topical term or geographic name as entry element | Technology (Applied Sciences) |
| 650 ## - SUBJECT ADDED ENTRY--TOPICAL TERM | |
| Topical term or geographic name as entry element | Agriculture and Related Technologies |
| 650 ## - SUBJECT ADDED ENTRY--TOPICAL TERM | |
| Topical term or geographic name as entry element | Floriculture |
| 942 ## - ADDED ENTRY ELEMENTS (KOHA) | |
| Source of classification or shelving scheme | |
| Koha item type | Books |
| Withdrawn status | Lost status | Source of classification or shelving scheme | Damaged status | Not for loan | Home library | Current library | Date acquired | Source of acquisition | Cost, normal purchase price | Total Checkouts | Full call number | Barcode | Date last seen | Bill Date | Koha item type | Bill Number |
|---|---|---|---|---|---|---|---|---|---|---|---|---|---|---|---|---|
| Dr. Rajendra Prasad Central Agricultural University Pusa, | Dr. Rajendra Prasad Central Agricultural University Pusa, | 30/01/2026 | SRT, Delhi | 3000.00 | 635.91 B57V | 86947 | 30/01/2026 | 07/01/2026 | Books | SRT/31/2025-26 | ||||||
| Dr. Rajendra Prasad Central Agricultural University Pusa, | Dr. Rajendra Prasad Central Agricultural University Pusa, | 30/01/2026 | SRT, Delhi | 3000.00 | 635.91 B57V | 86948 | 30/01/2026 | 07/01/2026 | Books | SRT/31/2025-26 |